[Event "British Chess Championships 2023: U8 Championship"]
[Site "The Venue, De Montfort University, 20 Western Boulevard, Leicester, LE2 7BU"]
[Date "2023.07.27"]
[Round "4"]
[Board "8"]
[White "Dairi, Daniella"]
[Black "Gedge, Joshua"]
[Result "0-1"]
[WhiteElo "964"]
[BlackElo "1309"]
[PlyCount "0"]
[EventDate "2023.07.25"]
[EventRounds "7"]
[EventCountry "ENG"]

1. e4 c5 2. Nf3 e6 3. d3 d5 4. exd5 exd5 5. Bf4 Nf6 6. Bxb8 Rxb8 7. Be2 Be7 8. O-O
O-O 9. Nc3 Be6 10. Nb5 Qb6 11. a4 a6 12. Nc3 Qxb2 13. Na2 Rfe8 14. Qb1 Qxb1 15. Raxb1
d4 16. Rb2 Bd6 17. Ng5 Bxa2 18. Rxa2 Rxe2 19. Nf3 b5 20. a5 Rbe8 21. h3 b4 22. c4
Rxa2 23. g4 b3 24. g5 Nh5 25. Nh4 b2 26. Rb1 Ra1 27. Rxa1 bxa1=Q+ 28. Kg2 Qe1 29.
Nf5 Re2 30. Kf3 Qxf2+ 31. Kg4 Qf4+ 32. Kxh5 Qxf5 33. Kh4 Qf2+ 34. Kh5 g6+ 35. Kg4
Qg3#  0-1

[Event "British Chess Championships 2023: U8 Championship"]
[Site "The Venue, De Montfort University, 20 Western Boulevard, Leicester, LE2 7BU"]
[Date "2023.07.27"]
[Round "4"]
[Board "9"]
[White "Zheng, Lucas"]
[Black "Mun, Jasper"]
[Result "1-0"]
[WhiteElo "1085"]
[BlackElo "736"]
[PlyCount "0"]
[EventDate "2023.07.25"]
[EventRounds "7"]
[EventCountry "ENG"]

1. e4 e5 2. Bc4 Nf6 3. d3 Nc6 4. Nf3 Bc5 5. Nc3 O-O 6. O-O d6 7. Bg5 Be6 8. Bb3 Qe7
9. a3 a5 10. Qd2 g6 11. Bd5 Nd8 12. Bxe6 fxe6 13. Bh6 Re8 14. Bg5 Qf7 15. Bxf6 Qxf6
16. Qh6 Nf7 17. Qh3 h5 18. Ne2 Qh8 19. Qg3 Qh6 20. d4 exd4 21. Nfxd4 Bxd4 22. Nxd4
e5 23. Nf5 Qg5 24. Nh4 Qxg3 25. fxg3 g5 26. Nf3 g4 27. Nh4 Ng5 28. Rae1 Rf8 29. Nf5
Kh7 30. c3 Kg6 31. Nh4+ Kh7 32. Nf5 Rf7 33. Ne3 Raf8 34. Rxf7+ Rxf7 35. Nf5 Nxe4
36. Rxe4 Rxf5 37. Ra4 b6 38. b4 e4 39. bxa5 Rxa5 40. Rxe4 Rxa3 41. Re7+ Kg8 42. Rxc7
Rxc3 43. Rxc3 b5 44. Rb3 Kg7 45. Rxb5 Kg6 46. Rd5 Kf6 47. Rxd6+ Ke5 48. Rh6 Kf5 49.
Rxh5+  1-0

[Event "British Chess Championships 2023: U8 Championship"]
[Site "The Venue, De Montfort University, 20 Western Boulevard, Leicester, LE2 7BU"]
[Date "2023.07.27"]
[Round "4"]
[Board "10"]
[White "Li, Emmanuelle"]
[Black "Cawdery, Mary"]
[Result "0-1"]
[WhiteElo "854"]
[BlackElo "891"]
[PlyCount "0"]
[EventDate "2023.07.25"]
[EventRounds "7"]
[EventCountry "ENG"]

1. e4 e5 2. Nf3 Nc6 3. Bb5 a6 4. Ba4 Nf6 5. O-O b5 6. Bb3 Bc5 7. Re1 O-O 8. d3 h6
9. Nc3 d6 10. h3 Be6 11. Nd5 a5 12. a4 b4 13. Bc4 Nd4 14. Be3 Nxf3+ 15. Qxf3 Nd7
16. Qg3 Kh8 17. Qf3 c6 18. Qh5 cxd5 19. exd5 Nf6 20. Qh4 Bf5 21. Bd2 Bd4 22. c3 bxc3
23. bxc3 Bc5 24. Re2 Rb8 25. Rae1 Rb2 26. Bc1 Rxe2 27. Rxe2 Qe7 28. d4 Bb6 29. Rb2
Ba7 30. Be2 Kh7 31. Bh5 exd4 32. Bg5 Qe1+ 33. Kh2 Qe5+ 34. Kh1 Kg8 35. Bf4 Qe1+ 36.
Kh2 Nxh5 37. Qxh5 Bg6 38. Qf3 dxc3 39. Re2 Qa1 40. Re7 Bc5 41. Rc7 c2  0-1

[Event "British Chess Championships 2023: U8 Championship"]
[Site "The Venue, De Montfort University, 20 Western Boulevard, Leicester, LE2 7BU"]
[Date "2023.07.27"]
[Round "4"]
[Board "11"]
[White "Feng, Hao-Hsuan"]
[Black "Makarabbi, Anvay"]
[Result "0-1"]
[WhiteElo "824"]
[BlackElo "874"]
[PlyCount "0"]
[EventDate "2023.07.25"]
[EventRounds "7"]
[EventCountry "ENG"]

1. e4 e6 2. Nf3 c5 3. c3 Nc6 4. d3 d5 5. e5 Nge7 6. Be2 Ng6 7. O-O Ngxe5 8. Nbd2
Bd6 9. d4 Nxf3+ 10. Nxf3 O-O 11. dxc5 Bxc5 12. Bd3 Bd7 13. Ng5 h6 14. Qh5 Be7 15.
Bh7+ Kh8 16. Nxf7+ Rxf7 17. Bg6 Rf6 18. Bxh6 Rxg6 19. Qxg6 gxh6 20. Qxh6+ Kg8 21.
Rad1 Qf8 22. Qg6+ Qg7 23. Qc2 Rc8 24. Rd3 Nb4 25. Rg3 Nxc2 26. Rxg7+ Kxg7 27. Rc1
d4 28. Rxc2 dxc3 29. bxc3 Bf6 30. Rd2 Be8 31. Rb2 b6 32. Rb3 Bxc3 33. Ra3 Ba5 34.
g3 Bg6 35. Re3 Bf7 36. Kg2 Rc2 37. Kh3 Rxa2 38. Kg4 b5 39. Kg5 Bd2 40. h4 Bxe3+ 41.
fxe3 Rg2 42. h5 Rxg3+ 43. Kh4 Rxe3 44. Kg5 Bxh5 45. Kxh5 b4 46. Kg4 b3 47. Kf4 b2
48. Kxe3 b1=Q 49. Kd4 a5 50. Ke5 a4 51. Kxe6 a3 52. Kd5 a2 53. Kd4 a1=Q+ 54. Kd5
Qd1+ 55. Ke4 Qa8+ 56. Ke5 Qe8+ 57. Kf4 Qf1+ 58. Kg5 Qg6+ 59. Kh4 Qh1#  0-1

[Event "British Chess Championships 2023: U8 Championship"]
[Site "The Venue, De Montfort University, 20 Western Boulevard, Leicester, LE2 7BU"]
[Date "2023.07.27"]
[Round "4"]
[Board "12"]
[White "Lath, Shlok"]
[Black "Qin, Oscar"]
[Result "0-1"]
[WhiteElo "842"]
[BlackElo "791"]
[PlyCount "0"]
[EventDate "2023.07.25"]
[EventRounds "7"]
[EventCountry "ENG"]

1. e4 e5 2. Nf3 Nc6 3. Bc4 Bc5 4. Nc3 Nf6 5. d3 d6 6. O-O Be6 7. Bxe6 fxe6 8. Bg5
O-O 9. h3 h6 10. Bh4 Qd7 11. Bxf6 Rxf6 12. a3 Bb6 13. b4 Nd4 14. Nxd4 exd4 15. Ne2
Qf7 16. Qe1 d5 17. e5 Rf5 18. g3 Rxe5 19. Kh1 Qf3+ 20. Kg1 Rh5 21. Nf4 Rf5 22. Qxe6+
Rf7 23. Qxd5 Qxd5 24. Nxd5  0-1

[Event "British Chess Championships 2023: U8 Championship"]
[Site "The Venue, De Montfort University, 20 Western Boulevard, Leicester, LE2 7BU"]
[Date "2023.07.27"]
[Round "4"]
[Board "13"]
[White "Kamara, Alim"]
[Black "Tang, Sara"]
[Result "0-1"]
[WhiteElo "1057"]
[BlackElo "734"]
[PlyCount "0"]
[EventDate "2023.07.25"]
[EventRounds "7"]
[EventCountry "ENG"]

1. Nf3 d5 2. d4 Nc6 3. Nc3 Nf6 4. Bd2 e5 5. e3 exd4 6. exd4 Bg4 7. h3 Bxf3 8. gxf3
Qe7+ 9. Be2 O-O-O 10. O-O Nd7 11. f4 Qf6 12. Bg4 Qh4 13. Nxd5 Bd6 14. Qf3 Nxd4 15.
Qg3 Qxg3+ 16. fxg3 a5 17. c3 Bc5 18. Be3 Nc2 19. Rac1 Nxe3 20. Bxd7+ Rxd7 21. Nxe3
Bxe3+ 22. Kg2 Bxc1 23. Rxc1 Rd2+ 24. Kf3 Rhd8 25. f5 R2d3+ 26. Ke4 Rd1 27. Rc2 Re1+
 0-1

[Event "British Chess Championships 2023: U8 Championship"]
[Site "The Venue, De Montfort University, 20 Western Boulevard, Leicester, LE2 7BU"]
[Date "2023.07.28"]
[Round "5"]
[Board "1"]
[White "Pradhan, Ayan"]
[Black "Sobolevski, Damien"]
[Result "1-0"]
[WhiteElo "1692"]
[BlackElo "1013"]
[PlyCount "0"]
[EventDate "2023.07.25"]
[EventRounds "7"]
[EventCountry "ENG"]

1. e4 d6 2. d4 Nf6 3. Nc3 g6 4. Be3 c6 5. Qd2 Nbd7 6. f3 b5 7. d5 b4 8. dxc6 bxc3
9. cxd7+ Bxd7 10. Qxc3 Bg7 11. Qd2 Rb8 12. c3 Qc7 13. Bd3 Nh5 14. Ne2 Bb5 15. Bxb5+
Rxb5 16. O-O O-O 17. Rab1 f5 18. exf5 Rbxf5 19. Nd4 Bxd4 20. Qxd4 e5 21. Qxa7 Qxa7
22. Bxa7 Nf4 23. Be3 Ne2+ 24. Kf2 Nf4 25. Rbd1 Rd8 26. Bxf4 Rxf4 27. Rd5 e4 28. Ke3
Rh4 29. h3 exf3 30. Rxf3 Re8+ 31. Kd2 Rhe4 32. Rf2 Rd8 33. Re2 Rxe2+ 34. Kxe2 Kf7
35. c4 Ke6 36. Rd3 Rc8 37. Re3+ Kf5 38. b3 d5 39. g4+ Kf6 40. Rc3 Ke5 41. c5 d4 42.
Rc4 Kd5 43. Kd3 Rxc5 44. Rxc5+ Kxc5 45. b4+ Kxb4 46. Kxd4 Kb5 47. Ke5 Kc6 48. Kf6
Kd5 49. a4 Kc5 50. Kg7 Kb4 51. Kxh7 Kxa4 52. Kxg6 Kb5 53. h4 Kc6 54. Kf7 Kd6 55.
g5 Ke5 56. g6 Kd4 57. g7 Ke4 58. h5 Kd4 59. h6 Ke4 60. h7 Kd4 61. h8=Q Ke4 62. g8=R
Kd5 63. Rd8+ Ke4 64. Rd4+ Kf3 65. Qh3+ Ke2 66. Qd3+ Kf2 67. Re4 Kg2 68. Re2+ Kf1
69. Qd1#  1-0

[Event "British Chess Championships 2023: U8 Championship"]
[Site "The Venue, De Montfort University, 20 Western Boulevard, Leicester, LE2 7BU"]
[Date "2023.07.28"]
[Round "5"]
[Board "2"]
[White "Kapitanski, Furion"]
[Black "Mulukutla, Ayaansh"]
[Result "1-0"]
[WhiteElo "1107"]
[BlackElo "1522"]
[PlyCount "0"]
[EventDate "2023.07.25"]
[EventRounds "7"]
[EventCountry "ENG"]

1. e4 c5 2. d4 cxd4 3. Qxd4 Nc6 4. Qd1 g6 5. Nf3 Bg7 6. Bc4 h6 7. Nc3 d6 8. h3 Nf6
9. O-O O-O 10. Nh4 Qa5 11. Nxg6 Re8 12. Nf4 Nh7 13. Bd2 Ne5 14. Bb3 e6 15. Ba4 Bd7
16. Bxd7 Nxd7 17. Ncd5 Qd8 18. Nc3 Ne5 19. Be3 Nc4 20. Qg4 Nf6 21. Qf3 Nxb2 22. Rab1
Qa5 23. Rxb2 Qxc3 24. Rfb1 b6 25. Nh5 Nxh5 26. Qxh5 Qf6 27. Rb3 Qg6 28. Qxg6 fxg6
29. Rd3 Red8 30. Rbd1 Bf8 31. e5 d5 32. c4 Bg7 33. cxd5 exd5 34. Rxd5 Rxd5 35. Rxd5
Re8 36. Bd4 Re7 37. Kf1 Kf7 38. Ke2 Ke6 39. Rb5 Kf5 40. g4+ Ke4 41. Be3 Rf7 42. e6
Rf3 43. e7 Rxe3+ 44. fxe3 Be5 45. e8=Q g5 46. Qxe5#  1-0

[Event "British Chess Championships 2023: U8 Championship"]
[Site "The Venue, De Montfort University, 20 Western Boulevard, Leicester, LE2 7BU"]
[Date "2023.07.28"]
[Round "5"]
[Board "3"]
[White "Prabhakaran, Anvikkashri"]
[Black "Konara, Nuvee"]
[Result "1-0"]
[WhiteElo "1011"]
[BlackElo "1272"]
[PlyCount "83"]
[EventDate "2023.07.25"]
[EventRounds "7"]
[EventCountry "ENG"]

1. e4 e5 2. Nf3 Nc6 3. d4 exd4 4. Bc4 Bb4+ 5. c3 dxc3 6. bxc3 Be7 7. Qd5 Nh6 8. Bxh6
O-O 9. Be3 d6 10. Qd3 Re8 11. O-O Bg4 12. Nbd2 Bf6 13. Rab1 Rb8 14. h3 Bh5 15. Bb5
Bg6 16. Bxc6 bxc6 17. Rxb8 Qxb8 18. Rb1 Qd8 19. Nd4 Bxd4 20. cxd4 d5 21. f3 Qd7 22.
Bf4 f6 23. Re1 dxe4 24. fxe4 c5 25. Qc4+ Kh8 26. Qxc5 f5 27. e5 c6 28. e6 Qc8 29.
Qxa7 h6 30. Qd7 Rd8 31. Qxc8 Rxc8 32. g4 fxg4 33. hxg4 h5 34. gxh5 Bxh5 35. Kf2 Bg4
36. e7 Re8 37. Nc4 Bh5 38. Nd6 Ra8 39. e8=Q+ Bxe8 40. Rxe8+ Rxe8 41. Nxe8 Kg8 42.
a4  1-0

[Event "British Chess Championships 2023: U8 Championship"]
[Site "The Venue, De Montfort University, 20 Western Boulevard, Leicester, LE2 7BU"]
[Date "2023.07.28"]
[Round "5"]
[Board "4"]
[White "Mohamed Nasrudeen Meeran, Muiz Ul Meeran"]
[Black "Gomez, Magnus"]
[Result "1-0"]
[WhiteElo "1112"]
[BlackElo "990"]
[PlyCount "0"]
[EventDate "2023.07.25"]
[EventRounds "7"]
[EventCountry "ENG"]

1. e4 c6 2. d4 d5 3. exd5 cxd5 4. Bd3 Nf6 5. h3 Nc6 6. c3 e6 7. Nf3 Bd6 8. O-O O-O
9. Bg5 Re8 10. Qc2 g6 11. Nbd2 e5 12. dxe5 Nxe5 13. Nd4 Nxd3 14. Qxd3 Bc5 15. Rfe1
Bxd4 16. Qxd4 Rxe1+ 17. Rxe1 Kg7 18. Ne4 Qe8 19. Nxf6 Qxe1+ 20. Kh2 h6 21. Nd7+ Kh7
22. Nf8+ Kg8 23. Bxh6 f6 24. Qxf6 Qe5+ 25. Qxe5 Kf7 26. Qg7+ Ke8 27. Bg5 Bd7 28.
Qe7#  1-0

[Event "British Chess Championships 2023: U8 Championship"]
[Site "The Venue, De Montfort University, 20 Western Boulevard, Leicester, LE2 7BU"]
[Date "2023.07.28"]
[Round "5"]
[Board "5"]
[White "Gedge, Joshua"]
[Black "Kilambi, Aahna"]
[Result "1-0"]
[WhiteElo "1309"]
[BlackElo "1176"]
[PlyCount "0"]
[EventDate "2023.07.25"]
[EventRounds "7"]
[EventCountry "ENG"]

1. e4 e6 2. d4 d5 3. exd5 exd5 4. c4 Nf6 5. Nc3 Bb4 6. Bd2 O-O 7. Nf3 Re8+ 8. Be2
dxc4 9. O-O b6 10. Bxc4 Bb7 11. Qb3 Qe7 12. Rfe1 Qf8 13. Rxe8 Nxe8 14. Re1 Bxf3 15.
Bxf7+ Kh8 16. Rxe8 Qxe8 17. Bxe8 Bxc3 18. Bxc3 Bb7 19. Qf7 Bd5 20. Qf8+ Bg8 21. d5
Nd7 22. Bxg7#  1-0

[Event "British Chess Championships 2023: U8 Championship"]
[Site "The Venue, De Montfort University, 20 Western Boulevard, Leicester, LE2 7BU"]
[Date "2023.07.28"]
[Round "5"]
[Board "6"]
[White "Ewart, Thomas"]
[Black "Gunarathne, Miheli"]
[Result "1-0"]
[WhiteElo "1002"]
[BlackElo "982"]
[PlyCount "0"]
[EventDate "2023.07.25"]
[EventRounds "7"]
[EventCountry "ENG"]

1. d4 e6 2. c4 d5 3. Nc3 Nf6 4. Nf3 dxc4 5. e3 Bb4 6. Bxc4 Ne4 7. Bd2 Nxd2 8. Qxd2
O-O 9. O-O Nc6 10. Qc2 b6 11. Rac1 Na5 12. Bd3 f5 13. Rfd1 Bb7 14. Be2 Bxc3 15. Qxc3
Be4 16. Qxc7 Qxc7 17. Rxc7 Bc6 18. b4 Bxf3 19. Bxf3 Rad8 20. bxa5 bxa5 21. Rxa7 Rc8
22. Rxa5 Rfd8 23. Bh5 Rd7 24. h3 g6 25. Bf3 Rcd8 26. Ra8 Rxa8 27. Bxa8 Ra7 28. Bf3
Rxa2 29. d5 exd5 30. Bxd5+ Kh8 31. Bxa2 Kg7 32. Rd6 Kh6 33. Rd7 Kh5 34. f4 Kh4 35.
Kh2 h5 36. g3#  1-0

[Event "British Chess Championships 2023: U8 Championship"]
[Site "The Venue, De Montfort University, 20 Western Boulevard, Leicester, LE2 7BU"]
[Date "2023.07.28"]
[Round "5"]
[Board "7"]
[White "Saxena, Advik"]
[Black "Zheng, Lucas"]
[Result "1-0"]
[WhiteElo "972"]
[BlackElo "1085"]
[PlyCount "0"]
[EventDate "2023.07.25"]
[EventRounds "7"]
[EventCountry "ENG"]

1. e4 e5 2. Nf3 Nc6 3. Bc4 Bc5 4. c3 Nf6 5. d4 exd4 6. cxd4 Bb4+ 7. Nc3 Nxe4 8. O-O
Nxc3 9. bxc3 Bxc3 10. Ba3 d6 11. Rc1 Ba5 12. Qa4 Bd7 13. d5 Bb6 14. dxc6 Bxc6 15.
Bb5 Bxb5 16. Qxb5+ c6 17. Qd3 Bc7 18. Rfe1+ Kf8 19. Ne5 c5 20. Nf3 h5 21. Re3 Rh6
22. Rce1 Qd7 23. Bxc5 Rg6 24. Re7 Qh3 25. Rxf7+ Kxf7 26. Ng5+ Rxg5 27. Qxh3 Rxc5
28. Qe6+ Kf8 29. f3 Bb6 30. Qxd6+ Kg8 31. Kh1 Rac8 32. Qe6+ Kh8 33. h3 Ba5 34. Rb1
Bc7 35. Qxc8+ Kh7 36. Qxb7 Rc2 37. Qe4+ Kh6 38. Qxc2 Bb6 39. Qc6+ Kh7 40. Rxb6 axb6
41. Qxb6 g6 42. a4 Kh6 43. a5 h4 44. a6 Kh5 45. a7 g5 46. a8=Q g4 47. Qd5#  1-0

[Event "British Chess Championships 2023: U8 Championship"]
[Site "The Venue, De Montfort University, 20 Western Boulevard, Leicester, LE2 7BU"]
[Date "2023.07.28"]
[Round "5"]
[Board "8"]
[White "Cawdery, Mary"]
[Black "Smirnov, Artem"]
[Result "1-0"]
[WhiteElo "891"]
[BlackElo "1054"]
[PlyCount "0"]
[EventDate "2023.07.25"]
[EventRounds "7"]
[EventCountry "ENG"]

1. e4 c5 2. Nf3 d6 3. c3 Nf6 4. Bc4 Nxe4 5. Qa4+ Bd7 6. Bxf7+ Kxf7 7. Qxe4 e6 8.
O-O Nc6 9. d4 cxd4 10. Nxd4 Qb6 11. Be3 Nxd4 12. Bxd4 Qxb2 13. c4 Qb4 14. Be3 Be7
15. Nd2 Bf6 16. Rab1 Qa4 17. Rxb7 Ke8 18. Rc7 d5 19. cxd5 Qxe4 20. Nxe4 exd5 21.
Nxf6+ gxf6 22. Re1 Kd8 23. Rxa7 Rxa7 24. Bxa7 Kc7 25. Kf1 Ra8 26. Bd4 f5 27. Rc1+
Kd6 28. Bc5+ Ke6 29. Re1+ Kf7 30. Re7+ Kg6 31. Rxd7 Rxa2 32. Rxd5 Kg5 33. Be7+ Kg4
34. h3+ Kf4 35. Bd6+ Ke4 36. Rd1 f4 37. Re1+ Kf5 38. g4+ fxg3 39. Bxg3 Rd2 40. Kg2
h5 41. Re5+ Kg6 42. Kf3 Rd7 43. Ke4 Kh6 44. f4 Rg7 45. Bf2 Rd7 46. h4 Rf7 47. Bd4
Rd7 48. f5 Kh7 49. Re6 Kg8 50. Rg6+ Kh7 51. Re6 Kg8 52. Rh6 Kf7 53. Rxh5 Re7+ 54.
Be5 Ke8 55. Rh8+ Kf7 56. Rh7+ Ke8 57. Rxe7+ Kxe7 58. h5 Kf7 59. h6 Kg8 60. f6 Kf7
61. h7 Ke6 62. h8=Q Kd7 63. Qg7+ Ke6 64. Qe7#  1-0

[Event "British Chess Championships 2023: U8 Championship"]
[Site "The Venue, De Montfort University, 20 Western Boulevard, Leicester, LE2 7BU"]
[Date "2023.07.28"]
[Round "5"]
[Board "9"]
[White "Qin, Oscar"]
[Black "Sandhu, Ronak"]
[Result "1-0"]
[WhiteElo "791"]
[BlackElo "994"]
[PlyCount "0"]
[EventDate "2023.07.25"]
[EventRounds "7"]
[EventCountry "ENG"]

1. e4 d6 2. d4 Nf6 3. Nc3 g6 4. f4 Bg7 5. e5 dxe5 6. fxe5 Nfd7 7. Nf3 O-O 8. Be3
f6 9. e6 Nb6 10. d5 c6 11. dxc6 Nxc6 12. Qxd8 Rxd8 13. Bd3 Bxe6 14. O-O-O Nb4 15.
Be4 Nxa2+ 16. Nxa2 Bxa2 17. Bxb7 Rab8 18. Rxd8+ Rxd8 19. b3 Rd7 20. Ba6 Rd6 21. Bc5
Rc6 22. Bxb6 Rxb6 23. Bc4+ Kf8 24. Kb2 Bxb3 25. cxb3 f5+ 26. Kc2 Rc6 27. Rd1 Bf6
28. Rd8+ Kg7 29. Rg8+ Kh6 30. Kd3 Rd6+ 31. Kc2 Rc6 32. Ra8 g5 33. Nd2 Rc7 34. b4
Be5 35. Nf3 Rxc4+ 36. Kb3 Rc3+ 37. Ka4 Bc7 38. Rxa7 Bd6 39. Nd4 Kg6 40. Nb5 Rc4 41.
Nxd6 exd6 42. Re7 Rc6 43. Re2 f4 44. b5 Rc4+ 45. Ka5 Rc1 46. b6 Rc5+ 47. Ka6 Rc6
48. Kb7 Rc5 49. Ka7 Ra5+ 50. Kb7 Rb5 51. Re6+ Kf5 52. Rxd6 Ke4 53. Ka6 Rb2 54. b7
Ke3 55. Rb6 Ra2+ 56. Kb5 Rb2+ 57. Kc6 Rxg2 58. b8=Q f3 59. Rb3+ Ke2 60. Rb2+ Ke3
61. Rxg2 fxg2 62. Qg3+  1-0

[Event "British Chess Championships 2023: U8 Championship"]
[Site "The Venue, De Montfort University, 20 Western Boulevard, Leicester, LE2 7BU"]
[Date "2023.07.28"]
[Round "5"]
[Board "10"]
[White "Makarabbi, Anvay"]
[Black "Li, Emmanuelle"]
[Result "1-0"]
[WhiteElo "874"]
[BlackElo "854"]
[PlyCount "0"]
[EventDate "2023.07.25"]
[EventRounds "7"]
[EventCountry "ENG"]

1. d4 e5 2. dxe5 d6 3. Nf3 Nc6 4. Bf4 Bg4 5. Nc3 Qd7 6. Qd2 Bxf3 7. exf3 O-O-O 8.
exd6 cxd6 9. O-O-O Nf6 10. Bd3 Nb4 11. Be2 Qe6 12. Kb1 Ne8 13. Be3 Nc7 14. Bxa7 g6
15. Bd4 Ne8 16. Bxh8 d5 17. a3 Nc6 18. Nxd5 Rxd5 19. Qxd5 Qxe2 20. Qxf7 Kb8 21. Qxf8
Ka8 22. Rhe1 Qb5 23. Qxe8+ Ka7 24. Bd4+  1-0

[Event "British Chess Championships 2023: U8 Championship"]
[Site "The Venue, De Montfort University, 20 Western Boulevard, Leicester, LE2 7BU"]
[Date "2023.07.28"]
[Round "5"]
[Board "11"]
[White "Mun, Jasper"]
[Black "Dairi, Daniella"]
[Result "0-1"]
[WhiteElo "736"]
[BlackElo "964"]
[PlyCount "0"]
[EventDate "2023.07.25"]
[EventRounds "7"]
[EventCountry "ENG"]

1. e4 e5 2. Nf3 Nc6 3. Nc3 Bb4 4. Bb5 Nge7 5. O-O Bxc3 6. dxc3 a6 7. Bxc6 Nxc6 8.
Bg5 Ne7 9. Nxe5 f6 10. Bf4 fxe5 11. Bxe5 d6 12. Bxg7 Rg8 13. Qh5+ Ng6 14. Qxh7 Ne7
15. Bf6 Rf8 16. Rad1 Rxf6 17. e5 Rf5 18. exd6 cxd6 19. Rfe1 Rf7 20. Qg8+ Rf8 21.
Qg5 Rf5 22. Qd2 Rf6 23. Re3 Kf8 24. Rf3 Rxf3 25. gxf3 Nf5 26. Kh1 Be6 27. Rg1 Ke7
28. Qg5+ Kd7 29. Qf4 Qh4 30. Qd2 Rh8 31. Rg2 Ne7 32. Kg1 Bh3 33. Rg3 Nf5 34. Qd5
Nxg3 35. hxg3 Qh6 36. Qxb7+ Kd8 37. Qxa6 Qc1+ 38. Kh2 Bc8+ 39. Kg2 Qh1#  0-1

[Event "British Chess Championships 2023: U8 Championship"]
[Site "The Venue, De Montfort University, 20 Western Boulevard, Leicester, LE2 7BU"]
[Date "2023.07.28"]
[Round "5"]
[Board "12"]
[White "Tang, Sara"]
[Black "Feng, Hao-Hsuan"]
[Result "0-1"]
[WhiteElo "734"]
[BlackElo "824"]
[PlyCount "0"]
[EventDate "2023.07.25"]
[EventRounds "7"]
[EventCountry "ENG"]

1. e4 e5 2. Nf3 Nc6 3. Nc3 Nf6 4. Bb5 Bc5 5. O-O O-O 6. d3 d6 7. Bg5 a6 8. Bc4 Be6
9. Bxe6 fxe6 10. Bxf6 Qxf6 11. Na4 Bb4 12. a3 Ba5 13. b4 Bb6 14. Nxb6 cxb6 15. Rb1
d5 16. exd5 Ne7 17. dxe6 Qxe6 18. Qe1 Rac8 19. Nxe5 Rxc2 20. Qe3 Ra2 21. Rb3 Rc8
22. Re1 Qxb3 23. Qe4 Rac2 24. Qf3 Rf8 25. Qe4 b5 26. Nf3 Re8 27. Ng5 g6 28. Re3 Rc1+
29. Re1 Qb1 30. Kf1 Rxe1+ 31. Qxe1 Qxd3+ 32. Qe2 Qxa3 33. Qe6+ Kg7 34. Qf7+ Kh6 35.
Qxe8 Qa1+ 36. Ke2 Qe5+ 37. Kd1 Qxg5 38. Qf8+ Kh5 39. f4 Qg4+ 40. Ke1 Nf5 41. h3 Qxg2
42. h4 Nd4 43. Qd8 Qe2#  0-1

[Event "British Chess Championships 2023: U8 Championship"]
[Site "The Venue, De Montfort University, 20 Western Boulevard, Leicester, LE2 7BU"]
[Date "2023.07.28"]
[Round "5"]
[Board "13"]
[White "Lath, Shlok"]
[Black "Kamara, Alim"]
[Result "0-1"]
[WhiteElo "842"]
[BlackElo "1057"]
[PlyCount "0"]
[EventDate "2023.07.25"]
[EventRounds "7"]
[EventCountry "ENG"]

1. e4 e5 2. Nf3 Nc6 3. Nc3 Nf6 4. Bc4 Ng8 5. O-O Nh6 6. d3 Bc5 7. Bg5 f6 8. Bxh6
gxh6 9. Nh4 d5 10. Bxd5 Nb4 11. Bc4 c6 12. a3 Na6 13. Nf5 Rg8 14. Nxh6 Rg7 15. Bf7+
Ke7 16. Nf5+ Bxf5 17. exf5 Kxf7 18. Qh5+ Kg8 19. Na4 Bd4 20. c3 Bc5 21. b4 Qd5 22.
bxc5 Qxg2#  0-1

[Event "British Chess Championships 2023: U8 Championship"]
[Site "The Venue, De Montfort University, 20 Western Boulevard, Leicester, LE2 7BU"]
[Date "2023.07.28"]
[Round "6"]
[Board "1"]
[White "Kapitanski, Furion"]
[Black "Pradhan, Ayan"]
[Result "0-1"]
[WhiteElo "1107"]
[BlackElo "1692"]
[PlyCount "0"]
[EventDate "2023.07.25"]
[EventRounds "7"]
[EventCountry "ENG"]

1. e4 e6 2. Nf3 d5 3. Nc3 Nf6 4. e5 Nfd7 5. Be2 c5 6. O-O Nc6 7. Bb5 Qc7 8. Re1 Be7
9. d3 a6 10. Bxc6 bxc6 11. Bf4 Rb8 12. b3 Nb6 13. Qc1 Nd7 14. Bg5 Qd8 15. Bxe7 Qxe7
16. Qg5 Qxg5 17. Nxg5 h6 18. Nf3 Nb6 19. Rab1 a5 20. Na4 Nxa4 21. bxa4 Rb4 22. Rxb4
axb4 23. a3 bxa3 24. Ra1 Ba6 25. Rxa3 Kd7 26. Rc3 Rb8 27. g3 c4 28. d4 Rb1+ 29. Kg2
Ra1 30. Re3 Rxa4 31. Rc3 Bb5 32. Nd2 Ra2 33. Nf3 Ba4 34. Ne1 c5 35. dxc5 Bc6 36.
Kh3 Ra5 37. Rf3 Ke7 38. c3 g5 39. Kg4 d4 40. Rf6 d3  0-1

[Event "British Chess Championships 2023: U8 Championship"]
[Site "The Venue, De Montfort University, 20 Western Boulevard, Leicester, LE2 7BU"]
[Date "2023.07.28"]
[Round "6"]
[Board "2"]
[White "Mohamed Nasrudeen Meeran, Muiz Ul Meeran"]
[Black "Prabhakaran, Anvikkashri"]
[Result "0-1"]
[WhiteElo "1112"]
[BlackElo "1011"]
[PlyCount "0"]
[EventDate "2023.07.25"]
[EventRounds "7"]
[EventCountry "ENG"]

1. e4 e6 2. d4 d5 3. exd5 exd5 4. Bd3 Nc6 5. c3 Nf6 6. h3 h6 7. Nf3 Bd6 8. O-O Be6
9. Be3 Qd7 10. Nbd2 O-O-O 11. a4 Kb8 12. b4 g5 13. Bb5 g4 14. hxg4 Bxg4 15. a5 a6
16. Ba4 Ne4 17. b5 Nxa5 18. bxa6 Qe7 19. axb7 Nxc3 20. Qc1 Ne2+ 21. Kh1 Nxc1 22.
Raxc1 Nc4 23. Nxc4 dxc4 24. Bc6 Bxf3 25. Bxf3 Qh4+ 26. Kg1 Qh2#  0-1

[Event "British Chess Championships 2023: U8 Championship"]
[Site "The Venue, De Montfort University, 20 Western Boulevard, Leicester, LE2 7BU"]
[Date "2023.07.28"]
[Round "6"]
[Board "3"]
[White "Sobolevski, Damien"]
[Black "Gedge, Joshua"]
[Result "0-1"]
[WhiteElo "1013"]
[BlackElo "1309"]
[PlyCount "0"]
[EventDate "2023.07.25"]
[EventRounds "7"]
[EventCountry "ENG"]

1. d4 Nf6 2. Bf4 g6 3. Nc3 d6 4. e4 Nbd7 5. Qd2 e5 6. Be3 exd4 7. Bxd4 Bg7 8. f3
O-O 9. Be3 Nh5 10. g4 Nhf6 11. Bh6 Nxe4 12. Nxe4 Qh4+ 13. Ng3 Bxh6 14. Qc3 Re8+ 15.
N1e2 Qd8 16. h4 Bg7 17. Qb3 Nc5 18. Qa3 Ne6 19. O-O-O Nc5 20. g5 Qe7 21. f4 Qe3+
22. Qxe3 Rxe3 23. h5 Ne6 24. hxg6 fxg6 25. Bh3 Nxf4 26. Nxf4 Rxg3 27. Bxc8 Rxc8 28.
Ne6 Re3 29. Nxg7 Kxg7 30. Rd2 Rg3 31. Rdh2 Rh8 32. Re1 Rxg5 33. Re7+ Kf6 34. Rxc7
Rb5 35. Rhxh7 Rxh7 36. Rxh7 a5 37. Rh4 g5 38. Rd4 Ke5 39. Rg4 Kf5 40. Ra4 g4 41.
Rd4 d5 42. c4 dxc4 43. Rxc4 g3 44. Rd4 g2 45. Rd1 Rb4 46. Rg1 Rg4 47. Kd2 b5 48.
Ke2 Ke4 49. Kf2 Kd3 50. Rxg2 Rxg2+ 51. Kxg2 Kc2 52. Kf3 Kxb2 53. Ke3 Kxa2 54. Kd3
b4 55. Kc4 b3 56. Kb5 b2 57. Kxa5 b1=Q 58. Ka6 Qb4 59. Ka7 Ka3 60. Ka6 Ka4 61. Ka7
Qb5 62. Ka8 Ka5 63. Ka7 Qb6+ 64. Ka8 Qd6 65. Ka7 Qd7+ 66. Ka8 Ka6 67. Kb8 Qb7#  0-1